<The> Analysis of the Case Law of the Court of Justice of EU on the Unfair Commercial Practices

Skúmanie hospodárskej súťaže a ochrany práv spotrebiteľa analýzou cieľov vytýčených v stratégii Európa 2020 a v Smernici o nekalých obchodných praktikách cez judikatúru Súdneho dvora EÚ. Výskum, analýza a kritické zhodnotenie judikatúry. Poznatky o súčasnom stave, návrhy, úspechy a záväzky v rámci p...

Ausführliche Beschreibung

Gespeichert in:
Bibliographische Detailangaben
1. Verfasser: Pelikánová, Radka MacGregor
Format: Buchkapitel
Sprache:Englisch
Schlagworte:
Tags: Tag hinzufügen
Keine Tags, Fügen Sie das erste Tag hinzu!

MARC

LEADER 00000naa a2200000 4500
001 0253132
005 20241023133136.6
041 0 |a eng 
044 |a CZ 
245 1 0 |a <The> Analysis of the Case Law of the Court of Justice of EU on the Unfair Commercial Practices  |c Radka MacGregor Pelikánová 
520 |a Skúmanie hospodárskej súťaže a ochrany práv spotrebiteľa analýzou cieľov vytýčených v stratégii Európa 2020 a v Smernici o nekalých obchodných praktikách cez judikatúru Súdneho dvora EÚ. Výskum, analýza a kritické zhodnotenie judikatúry. Poznatky o súčasnom stave, návrhy, úspechy a záväzky v rámci posudzovania daných stratégií. 
610 2 0 |a analýza dát 
610 2 0 |a Európska únia 
610 2 0 |a súdnictvo 
610 2 0 |a Súdny dvor Európskej únie 
610 2 0 |a práva spotrebiteľské 
610 2 0 |a ochrana práv občanov 
610 2 0 |a obchod 
610 2 0 |a súťaž hospodárska 
610 2 0 |a súťaž nekalá 
100 1 |a Pelikánová, Radka MacGregor